000
00286nam a22001337a 4500
082
_a
894.812.3
_b
MAN/K
100
_a
MANOHARAVARMMA, M.R
245
_a
KOLANI VAZCHA
260
_a
CALICUT
_b
POORNA PUBLICATIONS
_c
1996
300
_a
182
520
_a
NOVEL
650
_a
NOVEL
942
_c
BK
999
_c
5085
_d
5085